Facebook accounts with the most followers - Statistics

General Stats
  • This quiz has been taken 17 times
    7 since last reset
  • The average score is 3 of 20
Answer Stats
Followers (millions) Person/company % Correct
188 Facebook
57%
170 Cristiano Ronaldo
43%
104 Rihanna
43%
94 Eminem
29%
117 Lionel Messi
29%
121 Real Madrid
29%
109 Coca-Cola
14%
115 FC Barcelona
14%
140 Mr. Bean
14%
123 Shakira
14%
105 Vin Diesel
14%
108 YouTube
14%
126 5-Minute Crafts
0%
121 CGTN
0%
111 China Daily
0%
94 Netflix
0%
162 Samsung
0%
104 Tasty
0%
115 Will Smith
0%
97 Xinhua News Agency
0%
No matching quizzes found
Score Distribution
Percent of People with Each Score
Percentile by Number Answered
Your Score History
You have not taken this quiz since the last reset